|
|
|
|
| LEADER |
00000cam a2200000 7i4500 |
| 001 |
0000188773 |
| 005 |
20150319.0 |
| 020 |
|
|
|a 9789670411309
|
| 090 |
0 |
0 |
|a F
|b AIN
|
| 100 |
0 |
|
|a Ain Maisarah
|
| 245 |
1 |
0 |
|a Lawak sekolah :
|b belajar pementasan
|c Ain Maisarah, Azanil Fitri, Aman Wan
|
| 260 |
|
|
|a Batu Caves :
|b Blink Book Sdn Bhd ,
|c 2014
|
| 300 |
|
|
|a p.v. :
|b ill. ;
|c 19cm.
|
| 490 |
0 |
|
|a Lawak sekolah
|
| 650 |
|
0 |
|a Malay fiction
|
| 700 |
0 |
|
|a Aman Wan
|
| 700 |
0 |
|
|a Azanil Fitri
|
| 999 |
|
|
|a 00305281
|b BUKU
|c PINJAMAN
|e PERPUSTAKAAN KOMUNITI PETALING JAYA
|
| 999 |
|
|
|a 00305282
|b BUKU
|c PINJAMAN
|e PERPUSTAKAAN KOMUNITI CAW KOTA DAMANSARA
|
| 999 |
|
|
|a 00305283
|b BUKU
|c PINJAMAN
|e PERPUSTAKAAN KOMUNITI CAW TAMAN MEDAN
|